| 000 | 00731nam a22002297a 4500 | ||
|---|---|---|---|
| 003 | LK-CoMWRAF | ||
| 005 | 20231206123814.0 | ||
| 008 | 230927b2008 |||||||| |||| 00| 0 eng d | ||
| 020 | _a9788179927502 | ||
| 040 |
_aLK-CoMWRAF _dLK-CoMWRAF _eLK-CoMWRAF |
||
| 041 | _aeng | ||
| 082 |
_a923 _bBRU |
||
| 100 | _aBruns, Rodger | ||
| 245 |
_aMartin Luther King, Jr.: _ba biography |
||
| 260 |
_aAhmedabad: _bJaico books, _c2008 |
||
| 300 |
_axiv.;157 p. _bBibliography and index included |
||
| 650 | _aAfrican Americans-Biography | ||
| 650 | _aCivil right workers-United States-Biography | ||
| 650 | _aBaptists -United States -Clergy -Biography | ||
| 650 | _aAfrican Americans -Civil rights - History -20th century | ||
| 942 | _cBK | ||
| 999 |
_c3698 _d3698 |
||